000
00326nam a2200121 a 4500
005
20140414131857.0
008
100914s19uu xx 00 eng d
050
_a
FIL
_b
Sa4 1991
100
_a
Paterno, Maria Elena
245
_a
Sampaguita.
260
_a
Manila, Philippines :
_b
Cacho Publishing House,
_c
1991.
999
_c
110524
_d
110524